00771nam a2200169 a 4500008004100000050001400041110006300055245009800118246005200216260006500268300002100333350000900354500017000363650001100533650002100544650003600565070404s2003 ||||||||||||||||| || u aUSAID(02) aUnited States Agency for International Development (USAID)10aMultisectoral responses to HIV/AIDScby the U. S. Agency for International Development(USAID) aa compendium of promising practices from Africa aWashington, D. C.bAcademy for Educational Developmentc2003 aviii,100p.; ill. a0.00 aUSAID-PVO steering committee on multisectoral approaches to HIV/AIDS.U. S. Agency for international development, bureau for Africa, office of sustainable development aHEALTH aHIV/AIDS--AFRICA aHUMAN DEVELOPMENT--HIV AND AIDS